000 00398nmm a2200145Ia 4500
008 251105s9999||||xx |||||||||||||||||und||
041 _aspa
100 _aGraham, Heather
245 0 _aAtracción mortal
264 _a[Madrid, España] :
_bHarlequin,
_c2011
300 _a352 páginas
650 _aThriller & Suspense
856 _uhttps://public.digitaliapublishing.com/a/49990
942 _cCF
999 _c104383
_d104383